Normal view
MARC view
- تاليف السالمي، علاء عبدالرزاق محمد
Entry Personal Name
001 - CONTROL NUMBER
- control field: 63438
003 - CONTROL NUMBER IDENTIFIER
- control field: JO-AjAnu
005 - DATE AND TIME OF LATEST TRANSACTION
- control field: 20230606084344.0
008 - FIXED-LENGTH DATA ELEMENTS
- fixed length control field: 230606|| aca||aabn | a|a d
040 ## - CATALOGING SOURCE
- Original cataloging agency: JO-AjAnu
- Transcribing agency: JO-AjAnu
100 ## - HEADING--PERSONAL NAME
- Personal name: تاليف السالمي، علاء عبدالرزاق محمد
670 ## - SOURCE DATA FOUND
- Source citation: Work cat.: (JO-AjAnu)32344: تاليف السالمي، علاء عبدالرزاق محمد, author, المدخل الى الامن السيبراني: الفضاء السيبراني - تهديدات الفضاء السيبراني - الاسلحة السيبرانية الهجومية - وسائل مواجهة التهديدات السيبرانية - استراتيجيات الامن السيبراني